Holiday Quiz

Random Holiday or Food Quiz

National Lasagna Day Fun Quiz Stats

 Plays Quiz Updated Jul 23, 2018

Challenge
Share
Tweet
Embed
Score 0/10 Timer 03:00
0 Plays Today
Hint Answer % Correct
Lasagna is good for
A) Breakfast or B) Dinner
???
99%
Lasagna is most often
A) Fried or B) Baked
???
95.6%
This cartoon cat's favorite food is Lasagna
A) Garfield or B) Sylvester
???
95.5%
National Lasagna Day is a
A) Religious Holiday or B) Secular Holiday
???
94.5%
Lasagna noodles are
A) Flat or B) Bow-tie Shaped
???
94.2%
Lasagna is traditionally served
A) Cold or B) Hot
???
94.1%
National Lasagna Day in the USA is celebrated on
A) July 29th or B) December 25th
???
94%
The italian plural of the Italian word lasagna is
A) Lasagnas or B) Lasagne
???
84.6%
Many people compare this Greek dish to Lasagna
A) Pastitsio or B) Dolma
???
71.7%
Lasagna originated in this Italian city
A) Turin or B) Naples
???
71.7%

You're not logged in!

Compare scores with friends on all Sporcle quizzes.
OR
Log In

You Might Also Like...

Show Comments

Extras

Top Quizzes Today


Score Distribution

Your Account Isn't Verified!

In order to create a playlist on Sporcle, you need to verify the email address you used during registration. Go to your Sporcle Settings to finish the process.

Report this User

Report this user for behavior that violates our Community Guidelines.

Details: